[Event "ROU-ch Men 2018"]
[Site "Olanesti"]
[Date "2018.05.17"]
[Round "4"]
[White "Albu, George"]
[Black "Pislariu, Stefanel-Vasilica"]
[Result "1-0"]
[WhiteElo "2038"]
[BlackElo "1863"]
[Annotator "NA"]
[PlyCount "71"]
[EventDate "2018.??.??"]
[EventType "swiss"]
[EventCountry "ROU"]
[SourceTitle "playchess.com"]
[Source "ChessBase"]
[SourceQuality "1"]
[TimeControl "40/5400+30:1800+30"]

1. d4 {[%emt 0:01:50]} d5 {[%emt 0:00:08]} 2. c4 {[%emt 0:00:06]} e6 {[%emt 0:00:08]} 3. Nc3 {[%emt 0:00:05]} c6 {[%emt 0:00:06]} 4. e3 {[%emt 0:00:22]} Nf6 {[%emt 0:00:09]} 5. Nf3 {[%emt 0:00:08]} Nbd7 {[%emt 0:00:12]} 6. Bd3 {[%emt 0:00:07]} dxc4 {[%emt 0:02:43]} 7. Bxc4 {[%emt 0:00:22]} b5 {[%emt 0:00:23]} 8. Bd3 {[%emt 0:00:32]} a6 {[%emt 0:00:12]} 9. e4 {[%emt 0:09:24]} c5 {[%emt 0:02:39]} 10. e5 {[%emt 0:00:10]} cxd4 {[%emt 0:01:04]} 11. Nxb5 {[%emt 0:09:10]} axb5 {[%emt 0:00:17]} 12. exf6 {[%emt 0:00:25]} gxf6 {[%emt 0:00:15] LiveBook: 253 Games} ({Don't go for} 12... Qxf6 $2 13. Bg5 $18) 13. Nxd4 {[%emt 0:08:01] D49: Semi-Slav: Meran System: Main line with 9 e4 c5 10 e5 cxd4 11 Nxb5} (13. O-O Qb6 14. Qe2 b4 15. Rd1 Bd6 16. Bb5 Bc5 17. Bf4 Ra5 18. Bd3 Bb7 19. Bg3 Bd6 20. Bxd6 Bxf3 21. Qxf3 Qxd6 22. Qb7 Ke7 {0-1 (35) Ftacnik,L (2545)-Navara,D (2720) Slovakia 2018}) 13... Qb6 $1 {[%emt 0:05:05] [#]} 14. Nb3 $146 {[%emt 0:52:53]} ({Predecessor:} 14. Be3 Bb4+ 15. Kf1 Bc5 16. Be2 b4 17. h4 Rg8 18. g3 Bb7 19. Rh2 Ke7 20. h5 Rgd8 21. Rh4 Ne5 22. Rc1 Rac8 23. Rxc5 Rxc5 24. Qe1 Ke8 25. Rf4 Nc4 26. Bxc4 Rxc4 27. Nf3 Qa6 {0-1 (27) Malakhatko,V (2517)-Sturua,Z (2565) Batumi 2002}) 14... Bb7 {[%emt 0:05:50]} 15. O-O {[%emt 0:05:28]} Rg8 {[%emt 0:04:08]} 16. g3 $1 {[%emt 0:00:07]} Bd6 {[%emt 0:02:39]} 17. Be3 {[%emt 0:03:08]} Qc7 {[%emt 0:18:25]} (17... Bxg3 $1 $11 18. hxg3 Qc6) 18. Bxb5 {[%emt 0:02:50]} Rd8 {[%emt 0:01:06]} 19. f4 $18 {[%emt 0:00:49]} Bd5 {[%emt 0:08:54]} 20. Qe2 {[%emt 0:02:01]} Ke7 {[%emt 0:06:46]} 21. Rad1 {[%emt 0:00:47]} Ba8 {[%emt 0:05:33]} 22. Nd4 {[%emt 0:00:54]} Kf8 {[%emt 0:11:15]} 23. Rc1 {[%emt 0:00:23]} Nc5 {[%emt 0:02:08]} 24. b4 {[%emt 0:00:21]} Qb7 {[%emt 0:00:18]} 25. bxc5 {[%emt 0:01:20]} Qh1+ {[%emt 0:00:09]} 26. Kf2 {[%emt 0:00:04]} Qxh2+ {[%emt 0:00:27]} 27. Ke1 {[%emt 0:00:03]} Qxg3+ {[%emt 0:00:52]} 28. Qf2 {[%emt 0:00:58]} Bc7 {[%emt 0:06:49]} 29. Qxg3 {[%emt 0:00:41]} Rxg3 {[%emt 0:00:06]} 30. Ke2 {[%emt 0:00:06]} e5 {[%emt 0:02:36]} 31. fxe5 {[%emt 0:00:28]} Bxe5 {[%emt 0:02:45]} 32. Nf5 {[%emt 0:00:06]} Rh3 {[%emt 0:01:43]} 33. c6 {[%emt 0:01:00]} Bc7 {[%emt 0:01:44]} 34. Bh6+ {[%emt 0:00:30]} Ke8 {[%emt 0:00:40]} 35. Bf4 {[%emt 0:00:57]} Rd5 {[%emt 0:01:28]} 36. Bxc7 {[%emt 0:00:17]} 1-0

[Event "ROU-ch Men 2018"]
[Site "Olanesti"]
[Date "2018.05.17"]
[Round "4"]
[White "Neagu, Liviu"]
[Black "Cotruta, Alexandru-Mihai"]
[Result "1-0"]
[WhiteElo "2025"]
[BlackElo "1776"]
[Annotator "NA"]
[PlyCount "81"]
[EventDate "2018.??.??"]
[EventType "swiss"]
[EventCountry "ROU"]
[SourceTitle "playchess.com"]
[Source "ChessBase"]
[SourceQuality "1"]
[TimeControl "40/5400+30:1800+30"]

1. b4 {[%emt 0:00:00]} c6 {[%emt 0:03:34]} 2. Nf3 {[%emt 0:00:00]} Qb6 {[%emt 0:00:29]} 3. a3 {[%emt 0:00:06]} a5 {[%emt 0:00:23]} 4. bxa5 {[%emt 0:01:00]} Qxa5 {[%emt 0:00:47]} 5. e3 {[%emt 0:06:17]} e5 {[%emt 0:01:18]} 6. Be2 {[%emt 0:00:36]} e4 {[%emt 0:01:43]} 7. Nd4 {[%emt 0:00:20]} Nf6 {[%emt 0:11:48]} 8. Bb2 {[%emt 0:04:20]} d5 {[%emt 0:01:44]} 9. O-O {[%emt 0:00:54]} Bd6 {[%emt 0:00:19]} 10. d3 {[%emt 0:02:50]} Qc7 {[%emt 0:04:38]} 11. h3 {[%emt 0:01:07]} Nbd7 {[%emt 0:00:57]} 12. c4 {[%emt 0:01:00]} dxc4 {[%emt 0:02:28]} 13. dxe4 {[%emt 0:02:35]} Nxe4 {[%emt 0:03:00]} 14. Bxc4 {[%emt 0:05:04]} Ne5 {[%emt 0:01:24]} 15. Be2 {[%emt 0:01:36]} O-O {[%emt 0:04:01]} 16. Qc2 {[%emt 0:02:59]} f5 {[%emt 0:08:18]} 17. Nc3 {[%emt 0:01:36]} Qe7 {[%emt 0:01:04]} 18. Nxe4 {[%emt 0:05:35]} fxe4 {[%emt 0:00:38]} 19. Qxe4 {[%emt 0:01:01]} Bd7 {[%emt 0:11:54]} 20. a4 {[%emt 0:06:15]} Qg5 {[%emt 0:08:16]} 21. f4 {[%emt 0:18:07]} Qg3 {[%emt 0:01:25]} 22. fxe5 {[%emt 0:09:30]} Bxe5 {[%emt 0:01:28]} 23. Rf3 $18 {[%emt 0:03:55]} Rxf3 {[%emt 0:02:26]} 24. Bxf3 {[%emt 0:01:04]} Bxh3 {[%emt 0:01:56]} 25. Bc3 {[%emt 0:10:40]} Rf8 {[%emt 0:04:23]} 26. Ra2 {[%emt 0:05:45]} c5 {[%emt 0:07:40]} 27. Nb5 {[%emt 0:01:11]} Qh2+ {[%emt 0:03:48]} 28. Kf1 {[%emt 0:00:07]} Bg3 {[%emt 0:03:58]} 29. Qd5+ {[%emt 0:01:34]} Kh8 {[%emt 0:01:08]} 30. gxh3 {[%emt 0:00:22]} Qh1+ {[%emt 0:03:15]} 31. Ke2 {[%emt 0:00:19]} Qg1 {[%emt 0:00:13]} 32. Kd3 {[%emt 0:03:27]} Qb1+ {[%emt 0:02:11]} 33. Ke2 {[%emt 0:01:42]} Qg1 {[%emt 0:00:21]} 34. Rb2 {[%emt 0:01:39]} c4 {[%emt 0:00:42]} 35. Nd4 {[%emt 0:01:29]} Qf2+ {[%emt 0:00:32]} 36. Kd1 {[%emt 0:00:01]} Qxe3 {[%emt 0:00:03]} 37. Qxc4 {[%emt 0:01:05]} Bf4 {[%emt 0:02:11]} 38. Bd2 {[%emt 0:00:56]} Qa3 {[%emt 0:00:32]} 39. Rxb7 {[%emt 0:00:32]} Qa1+ {[%emt 0:00:36]} 40. Kc2 {[%emt 0:00:00]} Be5 {[%emt 0:00:45]} 41. Bc3 {[%emt 0:01:42]} 1-0

[Event "ROU-ch Men 2018"]
[Site "Olanesti"]
[Date "2018.05.17"]
[Round "4"]
[White "Farcadi, Hunor"]
[Black "Ciobanu, Viorel-Adrian"]
[Result "1-0"]
[WhiteElo "1959"]
[BlackElo "2196"]
[Annotator "NA"]
[PlyCount "141"]
[EventDate "2018.??.??"]
[EventType "swiss"]
[EventCountry "ROU"]
[SourceTitle "playchess.com"]
[Source "ChessBase"]
[SourceQuality "1"]
[TimeControl "40/5400+30:1800+30"]

1. e4 {[%emt 0:00:33]} e5 {[%emt 0:00:15]} 2. Nf3 {[%emt 0:00:27]} Nc6 {[%emt 0:00:06]} 3. Nc3 {[%emt 0:00:35]} Nf6 {[%emt 0:00:22]} 4. a3 {[%emt 0:00:06]} d5 {[%emt 0:07:47]} 5. Bb5 {[%emt 0:00:08]} Bg4 {[%emt 0:26:25]} 6. exd5 {[%emt 0:06:55]} Nxd5 {[%emt 0:00:25]} 7. Qe2 {[%emt 0:00:42]} Bxf3 {[%emt 0:08:52]} 8. Qxf3 {[%emt 0:01:56]} Nde7 {[%emt 0:05:29]} 9. O-O {[%emt 0:11:18]} a6 {[%emt 0:05:09]} 10. Bc4 {[%emt 0:00:35]} f6 {[%emt 0:01:19]} 11. Ne4 {[%emt 0:07:42]} Nc8 {[%emt 0:11:16]} 12. c3 {[%emt 0:23:33]} Nd6 {[%emt 0:04:16]} 13. Nxd6+ {[%emt 0:03:50]} Qxd6 {[%emt 0:00:09]} 14. Qh3 {[%emt 0:01:45]} g6 $18 {[%emt 0:05:35]} (14... h5 $16) 15. d4 {[%emt 0:07:57]} f5 {[%emt 0:07:50]} 16. Bg5 {[%emt 0:05:27]} Be7 {[%emt 0:08:11]} 17. dxe5 {[%emt 0:03:36]} Qc5 {[%emt 0:00:12]} 18. Bxe7 {[%emt 0:01:18]} Nxe7 {[%emt 0:00:31]} 19. Qd3 {[%emt 0:02:40]} Rd8 {[%emt 0:02:04]} 20. Qe2 {[%emt 0:00:14]} Nd5 {[%emt 0:00:05]} 21. Rad1 {[%emt 0:03:48]} b5 {[%emt 0:03:08]} 22. Bxd5 {[%emt 0:04:02]} Rxd5 {[%emt 0:00:03]} 23. Rxd5 {[%emt 0:00:08]} Qxd5 {[%emt 0:00:03]} 24. e6 {[%emt 0:01:48]} O-O {[%emt 0:02:10]} 25. Rd1 {[%emt 0:00:17]} Qc5 {[%emt 0:00:29]} 26. e7 {[%emt 0:03:13]} Re8 {[%emt 0:00:01]} 27. Qe6+ {[%emt 0:00:05]} Kg7 {[%emt 0:00:09]} 28. Rd7 {[%emt 0:01:50]} Qb6 {[%emt 0:00:53]} 29. Qxb6 {[%emt 0:03:39]} cxb6 {[%emt 0:00:03]} 30. Kf1 {[%emt 0:00:14]} Kf7 {[%emt 0:00:10]} 31. Rb7 {[%emt 0:00:52]} Rxe7 {[%emt 0:00:25]} 32. Rxb6 {[%emt 0:00:06]} Rd7 {[%emt 0:00:44]} 33. Rxa6 {[%emt 0:02:10]} Rd2 {[%emt 0:00:05]} 34. Ra7+ {[%emt 0:00:13]} Kf6 {[%emt 0:00:34]} 35. b4 {[%emt 0:01:25]} Rc2 {[%emt 0:00:43]} 36. Rxh7 {[%emt 0:00:18]} Rxc3 {[%emt 0:00:24]} 37. Rb7 {[%emt 0:01:23]} Rxa3 {[%emt 0:00:09]} 38. g3 {[%emt 0:00:27]} f4 {[%emt 0:01:49]} 39. gxf4 {[%emt 0:00:35]} Rf3 {[%emt 0:00:09]} 40. Rb6+ {[%emt 0:00:00]} Kg7 {[%emt 0:00:18]} 41. Rxb5 {[%emt 0:01:17]} Rxf4 {[%emt 0:00:06]} 42. Kg2 {[%emt 0:00:50]} Rc4 {[%emt 0:00:14]} 43. Kg3 {[%emt 0:01:28]} Kf6 {[%emt 0:00:05]} 44. Rb6+ {[%emt 0:01:57]} Kf5 {[%emt 0:00:33]} 45. f3 {[%emt 0:00:13]} Rd4 {[%emt 0:00:13]} 46. b5 {[%emt 0:01:05]} Rb4 {[%emt 0:00:06]} 47. Rb8 {[%emt 0:02:38]} Kg5 {[%emt 0:04:15]} 48. b6 {[%emt 0:00:20]} Kf6 {[%emt 0:02:03]} 49. h4 {[%emt 0:00:48]} Kg7 {[%emt 0:00:48]} 50. f4 {[%emt 0:00:43]} Rb3+ {[%emt 0:08:31]} 51. Kg4 {[%emt 0:00:25]} Rb1 {[%emt 0:01:34]} 52. Kf3 {[%emt 0:00:40]} Rb4 {[%emt 0:06:03]} 53. Ke3 {[%emt 0:00:29]} Kh7 {[%emt 0:00:45]} 54. Kd3 {[%emt 0:02:00]} Rxf4 {[%emt 0:02:41]} 55. Kc3 {[%emt 0:00:05]} Rf1 {[%emt 0:04:44]} 56. Kc4 {[%emt 0:00:12]} Rc1+ {[%emt 0:01:23]} 57. Kb5 {[%emt 0:01:11]} Rb1+ {[%emt 0:00:06]} 58. Kc6 {[%emt 0:00:08]} Rc1+ {[%emt 0:00:03]} 59. Kb7 {[%emt 0:00:11]} Rc4 {[%emt 0:00:07]} 60. Rc8 {[%emt 0:00:54]} Rxh4 {[%emt 0:00:22]} 61. Rc5 {[%emt 0:05:26]} Rb4 {[%emt 0:03:28]} 62. Kc7 {[%emt 0:00:48]} Kh6 {[%emt 0:00:34]} 63. b7 {[%emt 0:00:04]} Rb2 {[%emt 0:00:43]} 64. b8=Q {[%emt 0:00:20]} Rxb8 {[%emt 0:00:07]} 65. Kxb8 {[%emt 0:00:07]} g5 {[%emt 0:00:05]} 66. Kc7 {[%emt 0:00:17]} Kh5 {[%emt 0:00:07]} 67. Kd6 {[%emt 0:00:15]} Kg4 {[%emt 0:01:05]} 68. Ke5 {[%emt 0:00:10]} Kf3 {[%emt 0:00:12]} 69. Rc3+ {[%emt 0:00:08]} Kf2 {[%emt 0:00:09]} 70. Kf5 {[%emt 0:00:06]} g4 71. Ke4 1-0

[Event "ROU-ch Men 2018"]
[Site "Olanesti"]
[Date "2018.05.17"]
[Round "4"]
[White "Stan, Andrei-Mihaita"]
[Black "Ileana, George"]
[Result "0-1"]
[WhiteElo "1860"]
[BlackElo "2325"]
[Annotator "NA"]
[PlyCount "108"]
[EventDate "2018.??.??"]
[EventType "swiss"]
[EventCountry "ROU"]
[SourceTitle "playchess.com"]
[Source "ChessBase"]
[SourceQuality "1"]
[TimeControl "40/5400+30:1800+30"]

1. d4 {[%emt 0:00:00]} Nf6 {[%emt 0:00:11]} 2. c4 {[%emt 0:00:00]} e6 {[%emt 0:00:03]} 3. Nc3 {[%emt 0:00:00]} Bb4 {[%emt 0:00:18]} 4. Qc2 {[%emt 0:00:53]} d5 {[%emt 0:00:21]} 5. cxd5 {[%emt 0:00:51]} exd5 {[%emt 0:02:04]} 6. Bg5 {[%emt 0:00:23]} h6 {[%emt 0:01:42]} 7. Bh4 {[%emt 0:00:56]} O-O {[%emt 0:00:18]} 8. e3 {[%emt 0:00:38] E35: Nimzo-Indian: Classical: 4...d5 5 cxd5 exd5} c6 {[%emt 0:00:31]} 9. Bd3 {[%emt 0:00:44]} Re8 {[%emt 0:00:55]} 10. Nf3 {[%emt 0:00:48]} Nbd7 {[%emt 0:00:09]} 11. O-O-O {[%emt 0:11:23]} ({Better is} 11. O-O $14 Be7 12. Nd2 Nh5 13. Bxe7 Qxe7 14. Rab1 a5 15. a3 Nhf6 16. b4 axb4 17. axb4 b5 18. e4 dxe4 19. Ncxe4 Nxe4 20. Bxe4 {1-0 (74) Karjakin,S (2774)-Mamedyarov,S (2746) Almaty 2016}) 11... Qa5 {[%emt 0:06:41]} 12. Nd2 {[%emt 0:08:38]} Bxc3 {[%emt 0:00:37]} 13. bxc3 {[%emt 0:00:18]} c5 {[%emt 0:00:12]} 14. dxc5 $146 {[%emt 0:02:34]} ({Predecessor:} 14. Kb1 c4 15. Bf5 Nb6 16. Bxc8 Raxc8 17. Bxf6 gxf6 18. Ka1 {1-0 (47) Cebalo,M (2438)-Bahl,F (1933) Triesen 2013}) 14... Qxc5 {[%emt 0:00:10]} 15. Nb3 {[%emt 0:01:40]} Qb6 {[%emt 0:00:14]} 16. Kb2 {[%emt 0:16:32]} Ne5 {[%emt 0:03:41]} 17. Ka1 {[%emt 0:04:49]} Bd7 {[%emt 0:05:29]} 18. Be2 {[%emt 0:08:41]} Rac8 {[%emt 0:01:54]} 19. Bf3 {[%emt 0:01:44]} Nxf3 {[%emt 0:00:50]} 20. gxf3 {[%emt 0:00:11]} Rc4 {[%emt 0:00:38]} 21. Rd4 {[%emt 0:11:19]} Ba4 {[%emt 0:00:15]} 22. Qb2 {[%emt 0:02:06]} Nd7 {[%emt 0:04:27]} 23. Nd2 {[%emt 0:02:32]} Rxd4 {[%emt 0:00:26]} 24. cxd4 {[%emt 0:01:08]} f5 {[%emt 0:05:29]} 25. Bg3 {[%emt 0:03:33]} Qxb2+ {[%emt 0:02:56]} 26. Kxb2 {[%emt 0:00:08]} Rc8 {[%emt 0:00:07]} 27. Rc1 {[%emt 0:00:20]} Rxc1 {[%emt 0:00:16]} 28. Kxc1 {[%emt 0:00:05]} Kf7 {[%emt 0:00:06]} 29. f4 {[%emt 0:13:28]} Bb5 {[%emt 0:02:27]} 30. Nf3 {[%emt 0:03:27]} Nf6 {[%emt 0:00:04]} 31. Ne5+ {[%emt 0:00:32]} Ke6 {[%emt 0:00:04]} 32. f3 {[%emt 0:00:13]} g5 {[%emt 0:00:19]} 33. fxg5 {[%emt 0:02:46]} hxg5 {[%emt 0:00:21]} 34. Be1 {[%emt 0:00:47]} f4 {[%emt 0:05:50]} 35. Bd2 {[%emt 0:00:52]} Nh5 {[%emt 0:01:57]} 36. Kc2 $11 {[%emt 0:01:14]} Be8 {[%emt 0:02:13]} 37. Kc3 {[%emt 0:00:17]} Kf5 {[%emt 0:00:32]} 38. Kb4 {[%emt 0:00:54]} b6 {[%emt 0:00:06]} 39. exf4 {[%emt 0:00:28]} Nxf4 {[%emt 0:00:18]} 40. Bxf4 {[%emt 0:00:00]} Kxf4 {[%emt 0:00:16]} 41. Kc3 {[%emt 0:03:10]} Ke3 {[%emt 0:00:26]} 42. a3 {[%emt 0:04:15]} a6 {[%emt 0:00:46]} 43. Nd3 {[%emt 0:10:55]} Kxf3 {[%emt 0:00:28]} 44. Nb4 {[%emt 0:00:07]} Bf7 {[%emt 0:00:07]} 45. Nxa6 {[%emt 0:00:42]} Kg2 {[%emt 0:00:06]} 46. Nb4 {[%emt 0:00:37]} Kxh2 {[%emt 0:00:10]} 47. Nd3 {[%emt 0:00:43]} g4 {[%emt 0:01:00]} 48. Kb4 {[%emt 0:01:01]} Be8 {[%emt 0:00:21]} 49. a4 {[%emt 0:04:28]} g3 {[%emt 0:00:06]} 50. Nf4 {[%emt 0:00:08]} g2 {[%emt 0:00:10]} 51. Nxg2 {[%emt 0:00:11]} Kxg2 {[%emt 0:00:04]} 52. a5 {[%emt 0:00:07]} bxa5+ {[%emt 0:00:04]} 53. Kc5 {[%emt 0:01:00]} a4 {[%emt 0:00:17]} 54. Kxd5 {[%emt 0:00:13]} a3 {[%emt 0:00:06]} 0-1

[Event "ROU-ch Men 2018"]
[Site "Olanesti"]
[Date "2018.05.17"]
[Round "4"]
[White "Bobocea, Laurentiu-Vlad"]
[Black "Sava, Bogdan"]
[Result "1/2-1/2"]
[WhiteElo "1853"]
[BlackElo "2099"]
[Annotator "NA"]
[PlyCount "56"]
[EventDate "2018.??.??"]
[EventType "swiss"]
[EventCountry "ROU"]
[SourceTitle "playchess.com"]
[Source "ChessBase"]
[SourceQuality "1"]
[TimeControl "40/5400+30:1800+30"]

1. d4 {[%emt 0:02:12]} Nf6 {[%emt 0:00:03]} 2. c4 {[%emt 0:00:07]} g6 {[%emt 0:00:11]} 3. Nc3 {[%emt 0:00:11]} d5 {[%emt 0:00:31]} 4. Nf3 {[%emt 0:00:06]} Bg7 {[%emt 0:00:58]} 5. Qb3 {[%emt 0:00:29]} dxc4 {[%emt 0:00:56]} 6. Qxc4 {[%emt 0:00:07]} a6 {[%emt 0:00:51]} 7. e4 {[%emt 0:00:37] D96: Grünfeld: Russian System (5 Qb3): sidelines} (7. Bf4 c6 8. e3 O-O 9. Be2 Bf5 10. O-O Nbd7 11. Rfd1 Rc8 12. a4 a5 13. h3 Qb6 14. Qa2 Qb4 15. Bc4 {1-0 (43) Savchenko,B (2618)-Tran,M (2399) Subic Bay 2016}) 7... b5 {[%emt 0:01:15]} 8. Qb3 {[%emt 0:00:56]} Bb7 {[%emt 0:04:18]} 9. e5 {[%emt 0:02:55]} Nd5 {[%emt 0:03:17] LiveBook: 3 Games} 10. Ne4 {[%emt 0:01:45]} Nb6 $146 {[%emt 0:02:59]} ({Predecessor:} 10... Nd7 11. e6 fxe6 12. Neg5 Nf8 13. Bxb5+ c6 14. Bc4 Rb8 {1-0 (24) Cazzaniga,W (2192)-Angelini,M (2033) Corsico 2009}) 11. Bd3 {[%emt 0:05:41]} O-O {[%emt 0:00:25]} 12. Be3 {[%emt 0:03:29]} Bd5 {[%emt 0:01:53]} 13. Qc2 {[%emt 0:01:09]} N8d7 {[%emt 0:02:49]} 14. Rc1 {[%emt 0:03:57]} Ra7 {[%emt 0:04:17]} (14... f5 $11 {remains equal.} 15. exf6 exf6) 15. h4 {[%emt 0:09:10]} Nc4 {[%emt 0:10:25]} 16. b3 {[%emt 0:09:20]} Nxe3 {[%emt 0:00:56]} 17. fxe3 {[%emt 0:00:10]} f6 {[%emt 0:13:09]} (17... c5 $1 $11 {keeps the balance.}) 18. e6 {[%emt 0:13:18]} Bxe6 {[%emt 0:04:36] [#]} 19. h5 $1 {[%emt 0:02:42]} Bf7 {[%emt 0:05:35]} 20. hxg6 {[%emt 0:08:07]} hxg6 {[%emt 0:02:36]} 21. Nc5 {[%emt 0:06:20]} (21. Ng3 $18) 21... Nxc5 {[%emt 0:10:15]} 22. Qxc5 {[%emt 0:00:08]} Ra8 $14 {[%emt 0:01:48]} 23. Nh4 {[%emt 0:03:42]} Qd6 {[%emt 0:04:44]} 24. Qxd6 {[%emt 0:06:58]} cxd6 {[%emt 0:00:11]} 25. Bxg6 {[%emt 0:04:50]} Rfc8 {[%emt 0:01:47]} 26. Kd2 {[%emt 0:01:21]} e6 {[%emt 0:01:05]} 27. Bh7+ {[%emt 0:05:00]} Kf8 {[%emt 0:01:16]} 28. Ng6+ {[%emt 0:00:34]} Ke8 {[%emt 0:08:45]} 1/2-1/2

[Event "ROU-ch Men 2018"]
[Site "Olanesti"]
[Date "2018.05.17"]
[Round "4"]
[White "Cenusa, Mihai"]
[Black "Raducanu, Andrei-Augustin"]
[Result "1-0"]
[WhiteElo "1819"]
[BlackElo "2063"]
[Annotator "NA"]
[PlyCount "85"]
[EventDate "2018.??.??"]
[EventType "swiss"]
[EventCountry "ROU"]
[SourceTitle "playchess.com"]
[Source "ChessBase"]
[SourceQuality "1"]
[TimeControl "40/5400+30:1800+30"]

1. e4 {[%emt 0:00:00]} d6 {[%emt 0:00:20]} 2. Nc3 {[%emt 0:00:00]} g6 {[%emt 0:01:29]} 3. Bc4 {[%emt 0:00:20]} Bg7 {[%emt 0:00:40]} 4. d4 {[%emt 0:01:36]} Nf6 {[%emt 0:01:47]} 5. f3 {[%emt 0:00:55]} a6 {[%emt 0:08:14] B07: Pirc Defence: Miscellaneous Systems} (5... O-O 6. Be3 c6 7. Bb3 b5 8. a3 d5 9. e5 Ne8 10. Qd2 f6 11. Bh6 fxe5 12. Bxg7 Nxg7 13. dxe5 e6 14. O-O-O Nd7 15. Re1 {0-1 (29) Volak,M (2182)-Kulhanek,T (2350) Czech Republic 2016}) 6. a3 {[%emt 0:01:45]} b5 {[%emt 0:01:25]} 7. Ba2 {[%emt 0:00:14]} Nbd7 $146 {[%emt 0:01:49]} ({Predecessor:} 7... Bb7 8. Be3 Nbd7 9. Qe2 e6 10. O-O-O Nb6 11. h4 d5 12. Bg5 h6 13. Bf4 {0-1 (39) Domschitz,L (2094)-Nemeth,S (2046) Hungary 2007}) 8. Be3 {[%emt 0:00:24]} O-O {[%emt 0:02:56]} 9. Nge2 {[%emt 0:00:24]} Bb7 {[%emt 0:03:28]} 10. Qd2 {[%emt 0:03:38]} Re8 {[%emt 0:07:04]} 11. g4 {[%emt 0:01:09]} Qc8 {[%emt 0:05:32]} 12. Ng3 {[%emt 0:01:59]} (12. Bh6 $142) 12... Nf8 {[%emt 0:02:12]} (12... c5 $16 {was necessary.}) 13. g5 {[%emt 0:00:40]} (13. h4 $142) 13... N6d7 {[%emt 0:00:36]} 14. h4 {[%emt 0:00:34]} c5 {[%emt 0:01:30]} 15. Nd5 {[%emt 0:09:21]} cxd4 {[%emt 0:10:40]} 16. Bxd4 {[%emt 0:00:25]} Bxd4 {[%emt 0:01:05]} 17. Qxd4 {[%emt 0:00:07]} Qxc2 {[%emt 0:00:30]} 18. O-O {[%emt 0:00:31]} Ne6 {[%emt 0:00:59]} 19. Qf2 {[%emt 0:02:55]} Qxf2+ {[%emt 0:02:59]} 20. Kxf2 {[%emt 0:00:13]} Rac8 {[%emt 0:02:49]} 21. Rac1 {[%emt 0:00:16]} Bxd5 {[%emt 0:11:16]} 22. Bxd5 {[%emt 0:01:40]} Nf4 {[%emt 0:05:58]} 23. Ke3 {[%emt 0:11:37]} Nxd5+ {[%emt 0:01:22]} 24. exd5 {[%emt 0:03:07]} Rc5 {[%emt 0:05:38]} 25. Rxc5 {[%emt 0:05:01]} dxc5 {[%emt 0:00:27]} 26. Ne4 {[%emt 0:01:01]} Rc8 {[%emt 0:13:19]} (26... f5 $17 27. gxf6 exf6) 27. Rc1 {[%emt 0:00:38]} c4 {[%emt 0:01:11]} 28. Kd4 $15 {[%emt 0:01:07]} Rd8 {[%emt 0:01:33]} 29. Nc3 {[%emt 0:00:52]} e5+ {[%emt 0:03:25]} 30. Ke3 {[%emt 0:00:42]} Nc5 {[%emt 0:01:13]} 31. Ne4 {[%emt 0:03:34]} Nd3 {[%emt 0:01:29]} 32. Nf6+ {[%emt 0:00:06]} Kg7 {[%emt 0:00:37]} 33. Rc2 {[%emt 0:00:12]} h6 {[%emt 0:00:47]} 34. Ke4 {[%emt 0:01:27]} a5 {[%emt 0:00:36]} 35. d6 {[%emt 0:00:21]} Nc5+ {[%emt 0:00:29]} 36. Kxe5 {[%emt 0:01:04]} Nd7+ {[%emt 0:00:28]} 37. Nxd7 {[%emt 0:00:10]} Rxd7 {[%emt 0:00:00]} 38. Kd5 {[%emt 0:00:19]} hxg5 {[%emt 0:00:08]} 39. hxg5 {[%emt 0:00:15]} Kf8 {[%emt 0:00:08]} 40. Re2 {[%emt 0:00:00]} b4 {[%emt 0:01:30]} 41. Kc6 {[%emt 0:00:34]} Rd8 {[%emt 0:03:33]} 42. d7 {[%emt 0:01:26]} Ra8 {[%emt 0:03:41]} 43. Kb7 {[%emt 0:00:12]} 1-0

[Event "ROU-ch Men 2018"]
[Site "Olanesti"]
[Date "2018.05.18"]
[Round "5"]
[White "Istratescu, Andrei"]
[Black "Manolache, Marius"]
[Result "1/2-1/2"]
[WhiteElo "2589"]
[BlackElo "2499"]
[Annotator "TA"]
[PlyCount "88"]
[EventDate "2018.??.??"]
[EventType "swiss"]
[EventCountry "ROU"]
[SourceTitle "playchess.com"]
[Source "ChessBase"]
[SourceQuality "1"]

{[%evp 17,88,-50,-31,-29,-17,-52,-21,-47,-43,-80,-67,-103,-102,-97,-94,-89,-37,-73,-16,-34,-42,-43,-50,-39,0,-53,136,144,139,115,108,108,109,109,102,110,256,214,233,219,241,-49,-41,-71,-71,-42,-23,-23,-18,-18,-19,-168,-164,-1202,-1176,-29975,0,0,0,0,0,0,0,0,0,-238,-246,-214,-214,-179,0,-45,0]} 1. d4 d5 2. c4 c6 3. Nf3 Nf6 4. Nc3 e6 5. Bg5 Nbd7 6. e3 Be7 7. Qc2 h6 8. Bh4 O-O 9. O-O-O dxc4 {LiveBook: 3 Partien. D61: Damengambit (Hauptvariante mit 7.Dc2)} 10. Bxc4 (10. g4 b5 11. Rg1 Nd5 12. Bxe7 Qxe7 13. g5 h5 14. g6 f5 15. Ne5 Nxc3 16. Qxc3 Nf6 17. e4 {1-0 (29) Morozevich,A (2675)-Ponomariov,R (2699) Biel 2017}) 10... Nd5 11. Bg3 a5 $146 {[%cal Ba7a5,Ba5a4,Ba4a3][%mdl 32]} ({Vorgänger:} 11... N7b6 12. Be2 Nxc3 13. bxc3 f5 14. Ne5 Qe8 15. h4 Nd7 16. Bc4 Nxe5 17. Bxe5 {1-0 (34) Oestreich,R-Ahrens,G Wingst 1996}) 12. Kb1 a4 13. e4 Nb4 14. Qc1 b5 15. Be2 a3 $1 16. b3 (16. bxa3 $6 Qa5 $11) 16... Bb7 ({Günstiger ist} 16... Qb6 $17) 17. Qe3 Qe8 (17... Qb6 $17) 18. Ne1 Rc8 19. Nd3 Nxd3 20. Bxd3 e5 21. Bc2 ({Besser ist} 21. dxe5 $11 Bc5 22. Qc1) 21... Bf6 $2 (21... b4 $15 {bleibt weiter vorne.} 22. Ne2 Bg5) 22. dxe5 $16 Nxe5 23. f4 Ng4 24. Qf3 Bxc3 25. Qxc3 {Und weiter mit e5 wäre nett.} c5 26. e5 $1 b4 ({Vergiftet wäre} 26... Bxg2 $2 27. Rhg1 $18) (26... c4 $16) 27. Qd3 $18 {[%csl Gc2][%cal Rd3h7]} f5 28. h3 c4 29. bxc4 $2 (29. Qd4 $18) 29... Be4 $36 {[%mdl 2048] Schwarz drückt.} 30. Qb3 Bxc2+ 31. Kxc2 Ne3+ 32. Qxe3 Rxc4+ 33. Kb1 Rc3 $1 {[%cal Rc3e3]} 34. Qe1 (34. Qd4 $11 Rxg3 35. Qf2) 34... Qc6 $19 35. Bf2 $2 (35. Rd6 Qc4 36. Qd2 Qe4+ 37. Ka1 Rxg3 38. Rd4 Rxg2 39. Rxe4 Rxd2 40. Rxb4) 35... Rc2 {( -> ...Dc4)} 36. Rd2 {[#]} Rc8 $2 (36... b3 $1 {setzt Matt} 37. Bd4 Rb8 38. axb3 a2+ 39. Ka1 Rxb3 40. Rxc2 Qxc2 41. Bc3 Rb1+ 42. Qxb1 axb1=N 43. Rxb1 Qxc3+ 44. Rb2 Qc1+ 45. Ka2 Qxf4 46. Rc2 Qxe5 47. Ka3 Qe3+ 48. Ka2 Qe4 49. Kb3 g5 50. Rb2 f4 51. Rc2 Qd5+ 52. Kb4 Qd4+ 53. Kb3 Qd3+ 54. Kb2 Kf7 55. Rc7+ Ke6 56. Rc2 Qd5 57. Kb1 f3 58. gxf3 Qxf3 59. Kc1 Qxh3 60. Re2+ Kf5 61. Rf2+ Kg6 62. Rd2 g4 63. Kb2 g3 64. Rd6+ Kf7 65. Rd1 g2 66. Rg1 Qh2 67. Rxg2 Qxg2+ 68. Kc3 h5 69. Kd4 h4 70. Ke5 h3 71. Kd6 h2 72. Ke5 h1=Q 73. Kd4 Qd2+ 74. Kc5 Qhd5+ 75. Kb6 Q2a5#) 37. Bd4 $11 {Schwarz muss nun Txc2 beachten.} Rxd2 38. Qxd2 {Te1 ist eine echte Drohung.} Qe4+ $1 39. Ka1 {Droht stark Tb1.} Rc2 40. Qxb4 {Und Tb1 würde nun gewinnen.} Kh7 $1 {Droht ...Dd5 und aus.} 41. Rb1 $2 (41. Bc5 $1 $11 {und Weiss muss sich keine Sorgen machen.} Qd5 42. Qxa3 Rxc5 43. Qb2) 41... Qd5 $19 {[%csl Gd5][%cal Rc2a2]} 42. Bb2 ({Doch nicht} 42. Rb3 Rc4) 42... axb2+ 43. Rxb2 {[#]} Rc1+ (43... Qd1+ $1 $19 44. Rb1 Qe2) 44. Rb1 $15 Rc2 {Precision: Weiß = 36%, Schwarz = 42%.} 1/2-1/2